000 00513nam a22001937a 4500
005 20230623083040.0
008 160120b xxu||||| |||| 00| 0 eng d
020 _cRs.12
040 _aLoreto College
082 _a301.155
_bAGO
100 _aAgochiya, Devendra
_qDevendra Agochiya
245 _aYouth leadership in India
_cDevendra Agochiya
260 _aNew Delhi
_bViswa Yuvak Kendra
_c1978
300 _a111p
650 _aSocial sciences
650 _aYouth leadership
850 _aLCLIB
942 _cBK
999 _c40416
_d90895